El concepto de religión en el sistema de la filosofía

שמור ב:
מידע ביבליוגרפי
מחבר ראשי: Cohen, Hermann, 1842-1918
מחברים אחרים: Ancona Quiroz, José Andrés, Poma, Andrea
פורמט: אלקטרוני ספר אלקטרוני
שפה:ספרדית
גרמנית
יצא לאור: Rubí, Barcelona : Anthropos Editorial, 2010.
מהדורה:1. ed.
סדרה:Pensamiento crítico/pensamiento utópico ; 194.
Digitalia eBook Collection: Anthropos
נושאים:
גישה מקוונת:Digitalia Hispánica
תגים: הוספת תג
אין תגיות, היה/י הראשונ/ה לתייג את הרשומה!

MARC

LEADER 00000nam a2200000Ia 4500
001 DIGANT0241
003 NyNyDIG
006 m d
007 cr |||||||||||
008 120901s2010 sp ob 000 0 spa d
020 |z 9788476589724 (pbk.) 
020 |z 8476589727 (pbk.) 
040 |a DGITA  |b eng  |e pn  |c DGITA 
041 1 |a spa  |h ger 
050 4 |a BL51 ebook 
100 1 |a Cohen, Hermann,   |d 1842-1918. 
240 1 0 |a Begriff der Religion im System der Philosophie.   |l Spanish 
245 1 3 |a El concepto de religión en el sistema de la filosofía   |h [electronic resource] /  |c Hermann Cohen ; presentación a la edición española y traducción de José Andrés Ancona Quiroz ; introducción de Andrea Poma. 
250 |a 1. ed. 
260 |a Rubí, Barcelona :  |b Anthropos Editorial,   |c 2010.  |e (New York, NY. :  |f Digitalia Inc,   |g 2012). 
300 |a 1 online resource (163 p.) 
490 1 |a Pensamiento crítico/pensamiento utópico ;  |v 194. 
500 |a "Traducción de la segunda reimpresión revisada de la primera edición (Giessen, Alfred Töpelmann, 1915) y publicada en 2002 por la Casa Editorial Georg Olms de Hildesheim, Zurich, Nueva York, como décimo volumen de las Obras de Hermann Cohen, editadas por el Archivo Cohen del Seminario de Filosofía de la Universidad de Zurich bajo la dirección del Prof. Dr. h. c. Helmut Holzhey". (p. V). 
504 |a Includes bibliographical references. 
506 |a Access restricted to subscribing institutions. 
650 0 |a Philosophy and religion. 
650 0 |a Religion  |x Philosophy. 
655 0 |a Electronic books. 
700 1 |a Ancona Quiroz, José Andrés. 
700 1 |a Poma, Andrea. 
791 2 |a Digitalia (Firm),  |e distributor. 
830 0 |a Pensamiento crítico/pensamiento utópico ;  |v 194. 
830 0 |a Digitalia eBook Collection: Anthropos 
856 4 0 |3 Digitalia Hispánica  |u https://digitalia.unach.elogim.com/a/13323/